Xarxa de Mercats Municipals : pressupost 2006 pressupost 2006
Publicado:
Barcelona :
Diputació de Barcelona. Àrea de Promoció Econòmica i Ocupació. Delegació de Comerç. Xarxa de Mercats Municipals ,
2006
Descripción Física:
[33] p. en una carpeta : il. col. ; 30 cm
MARC
| LEADER | 00000nam a2200000Ia 4500 | ||
|---|---|---|---|
| 001 | 20510 | ||
| 008 | 160829s2006 xx 000 0 cat d | ||
| 080 | |a FU-12-63 | ||
| 245 | |a Xarxa de Mercats Municipals : |b pressupost 2006 | ||
| 260 | |a Barcelona : |b Diputació de Barcelona. Àrea de Promoció Econòmica i Ocupació. Delegació de Comerç. Xarxa de Mercats Municipals, |c 2006 | ||
| 300 | |a [33] p. en una carpeta : |b il. col. ; |c 30 cm | ||
| 590 | |a Inclou el 1 fulletó 'Els Mercats municipals: proximitat, especialització, varietat i competitivitat' i el CD-ROM amb R. 20511 | ||
| 650 | |a Mercats |x Barcelona (Província) |x Pressupostos |9 46194 | ||
| 710 | 1 | |a Barcelona (Catalunya : Província). |b Xarxa de Mercats Municipals |9 55055 | |
| 901 | |a Arxiu | ||
| 942 | |n 1 | ||
| 952 | |0 0 |1 0 |4 0 |7 1 |9 53065 |a Arxiu |b Arxiu |d 2016-12-01 |h 2006 |o FU-12-63 |p 20510 |r 2016-12-01 00:00:00 |w 2016-12-01 |y ARXIU | ||
| 999 | |c 56914 |d 56914 | ||